Dimension and extensions /
"This book summarizes the research that developed as a result of the 1942 doctoral dissertation of Johannes de Groot."--Math. Rev.
Guardado en:
| Autor Principal: | |
|---|---|
| Otros Autores: | |
| Formato: | Libro |
| Idioma: | English |
| Publicado: |
Amsterdam :
North-Holland,
1993.
|
| Series: | North-Holland mathematical library ;
v. 48 |
| Materias: | |
| Acceso en línea: | Reseña (Bull. AMS, PDF) |
| Etiquetas: |
Agregar Etiqueta
Sin Etiquetas, Sea el primero en etiquetar este registro!
|
| LEADER | 01140cam a2200289 a 4500 | ||
|---|---|---|---|
| 001 | MAT.inmabb003581 | ||
| 008 | 921123s1993####ne#a#####b####001#0#eng## | ||
| 005 | 20130327135045.0 | ||
| 245 | 1 | 0 | |a Dimension and extensions / |c J. M. Aarts, T. Nishiura. |
| 260 | |a Amsterdam : |b North-Holland, |c 1993. | ||
| 300 | |a xii, 331 p. : |b il. ; |c 23 cm. | ||
| 440 | 0 | |a North-Holland mathematical library ; |v v. 48 | |
| 520 | |a "This book summarizes the research that developed as a result of the 1942 doctoral dissertation of Johannes de Groot."--Math. Rev. | ||
| 504 | |a Incluye referencias bibliográficas (p. 315-326) e índice. | ||
| 510 | 4 | |a MR, |c 94e:54001 | |
| 510 | 4 | |a Bull. AMS, |c v. 30 no. 2, Apr. 1994. | |
| 020 | |a 0444897402 | ||
| 100 | 1 | |a Aarts, J. M. | |
| 700 | 1 | |a Nishiura, Togo, |d 1931- | |
| 650 | 0 | |a Dimension theory (Topology) | |
| 650 | 0 | |a Mappings (Mathematics) | |
| 650 | 0 | |a Compactifications. | |
| 084 | |a 54-02 (54D35 54F45) |2 msc2000 | ||
| 010 | |a 92044402 | ||
| 040 | |a DLC |c DLC |d DLC | ||
| 856 | 4 | 2 | |u http://www.ams.org/bull/pre-1996-data/199430-2/henriksen.pdf |y Reseña (Bull. AMS, PDF) |
| 859 | |h 54 |i Aa114 |p A-7659 |b BIB. MATEMATICA | ||
